Mémorer la croisade : édition et traduction annotée d'al-Harïrï, Kitab al-I'lam wa-l-tabyïm fi hurug al-Farang al-mala'in 'ala bilad al-muslimin /
Main Author:
Format: Book
Published:
Cairo :
Institut français d'archéologie orientale,
2025.
Series:
Textes Arabes et Études Islamiques ;
64
Subjects:
Tags: Add Tag
Call Number: PJ7601 .C2 v.64
| LEADER | 01176nam a22002417a 4500 | ||
|---|---|---|---|
| 003 | OSt | ||
| 005 | 20260505055004.0 | ||
| 008 | 260505t2025||||ua |||||||||| ||Fre|| | ||
| 020 | |a 9782724710908 | ||
| 050 | 1 | 4 | |a PJ7601 |b .C2 v.64 |
| 100 | 0 | |a Abbès Zouache |d Author. | |
| 245 | 1 | 0 | |a Mémorer la croisade : |b édition et traduction annotée d'al-Harïrï, Kitab al-I'lam wa-l-tabyïm fi hurug al-Farang al-mala'in 'ala bilad al-muslimin / |c Abbès Zouache. |
| 264 | 1 | |a Cairo : |b Institut français d'archéologie orientale, |c 2025. | |
| 300 | |a 196 pages : |b color illustrations ; |c 29 cm. | ||
| 490 | 0 | |a Textes Arabes et Études Islamiques ; |v 64 | |
| 500 | |a Complete form of author's name from page 2. | ||
| 500 | |a Critical edition and French translation of an Arabic manuscript account of the European invasion of the Levant during the Crusades. | ||
| 650 | 4 | |a Crusades -- History. | |
| 650 | 4 | |a édition et traduction annotée d'al-Harïrï, Kitab al-I'lam wa-l-tabyïm fi hurug al-Farang al-mala'in 'ala bilad al-muslimin | |
| 650 | 4 | |a Islamic Empire -- History -- 750-1258. | |
| 650 | 4 | |a Jerusalem -- History -- Latin Kingdom, 1099-1244. | |
| 942 | |2 lcc |c BK | ||
| 999 | |c 61901 |d 61901 | ||
